000 00220 a2200097 4500
001 59471
100 _a
245 _aHabib Jalib-Ghar ki Gawahi (Urdu)
260 _aKarachi
_bZaki Sons
_c
090 _c36393
_d36393
942 _aNUST-CAE
_cMONOGRAPH
_c29328
999 _c294544
_d294544